| 000 | 01342nam a2200349Ia 4500 | ||
|---|---|---|---|
| 001 | ebr10626194 | ||
| 003 | CaPaEBR | ||
| 006 | m u | ||
| 007 | cr cn||||||||| | ||
| 008 | 120726s2012 vaua sb 001 0 eng d | ||
| 010 | _z 2012025983 | ||
| 020 | _z9781416614746 (pbk. : alk. paper) | ||
| 020 | _z9781416615255 | ||
| 040 |
_aCaPaEBR _cCaPaEBR |
||
| 035 | _a(OCoLC)818734363 | ||
| 050 | 1 | 4 |
_aLB2842.22 _b.H68 2012eb |
| 082 | 0 | 4 |
_a371.2/01 _223 |
| 100 | 1 | _aHouck, Emily E. | |
| 245 | 1 | 0 |
_a100+ ways to recognize and reward your school staff _h[electronic resource] / _cEmily E. Houck. |
| 246 | 3 | _a100 plus ways to recognize and reward your school staff | |
| 260 |
_aAlexandria, Va. : _bASCD, _cc2012. |
||
| 300 |
_ax, 158 p. : _bill. |
||
| 504 | _aIncludes bibliographical references and index. | ||
| 533 |
_aElectronic reproduction. _bPalo Alto, Calif. : _cebrary, _d2011. _nAvailable via World Wide Web. _nAccess may be limited to ebrary affiliated libraries. |
||
| 650 | 0 | _aSchool personnel management. | |
| 650 | 0 | _aIncentive awards. | |
| 650 | 0 | _aEmployee motivation. | |
| 650 | 0 | _aMotivation in education. | |
| 655 | 7 |
_aElectronic books. _2local |
|
| 710 | 2 | _aebrary, Inc. | |
| 856 | 4 | 0 |
_uhttp://site.ebrary.com/lib/rucke/Doc?id=10626194 _zAn electronic book accessible through the World Wide Web; click to view |
| 999 |
_c67540 _d67540 |
||